[Event "XLIII Sevilla Open 2018"]
[Site "Sevilla"]
[Date "2018.01.12"]
[Round "1"]
[White "Kveinys, Aloyzas"]
[Black "Luque Marin, Pedro Antonio"]
[Result "1-0"]
[WhiteElo "2547"]
[BlackElo "1812"]
[Annotator "TA"]
[PlyCount "41"]
[EventDate "2018.??.??"]
[EventType "swiss"]
[EventCountry "ESP"]
[SourceTitle "playchess.com"]
[Source "ChessBase"]
[SourceQuality "1"]

{[%evp 9,41,27,31,33,33,32,47,25,38,29,47,40,43,27,192,195,330,319,313,305,791,789,866,842,955,959,948,958,955,950,1054,1047,1040,1042]} 1. d4 f5 2. Nc3 Nf6 3. Bg5 d5 4. f3 h6 (4... c6 5. Qd3 b5 6. a3 e6 7. e4 Be7 8. Nge2 O-O 9. exf5 exf5 10. Ng3 Ne8 11. Bf4 g5 12. Be5 {0-1 (35) Sadorra,J (2590)-Kamsky,G (2706) ICC INT 2014}) 5. Bxf6 exf6 6. e4 {A80: Dutch Defence: Unusual White second moves} Bb4 7. exd5 Qxd5 8. Qd2 {White is slightly better.} Bxc3 $146 ({Predecessor:} 8... Qf7 9. O-O-O O-O 10. d5 a6 11. Bc4 Bd6 12. Nge2 {1-0 (35) Karakehajov,K (2330)-Badev,K (2320) Sofia 2004}) 9. Qxc3 Nc6 10. O-O-O Be6 11. Qa3 {aiming for c4.} b5 $2 {[#]} (11... Bf7 $11) 12. Ne2 $1 $18 {[%cal Re2f4]} b4 (12... Qxa2 {might work better.} 13. Qxa2 Bxa2) 13. Qe3 g5 {[#]} 14. c4 $1 {[%cal Rc4d5][%mdl 512]} Qxc4+ $2 (14... Qd6 15. d5 O-O-O) 15. Nc3 $1 {White is clearly winning.} f4 16. Qe1 ({Weaker is} 16. Bxc4 fxe3 17. Bxe6 bxc3 $16) 16... O-O-O 17. Bxc4 Bxc4 18. Qe4 bxc3 19. Qxc6 cxb2+ 20. Kxb2 {Black must now prevent Rc1.} Bd5 21. Qxf6 {Precision: White = 89%, Black = 16%.} 1-0

[Event "XLIII Sevilla Open 2018"]
[Site "Sevilla"]
[Date "2018.01.12"]
[Round "1"]
[White "Saric, Ante"]
[Black "Leon Serralbo, Jose Manuel"]
[Result "1-0"]
[WhiteElo "2537"]
[BlackElo "1806"]
[Annotator "TA"]
[PlyCount "63"]
[EventDate "2018.??.??"]
[EventType "swiss"]
[EventCountry "ESP"]
[SourceTitle "playchess.com"]
[Source "ChessBase"]
[SourceQuality "1"]

{[%evp 19,63,36,36,31,31,26,35,27,37,0,0,-2,0,-14,-22,-17,-27,-24,0,-7,32,27,18,18,19,24,157,159,163,165,145,155,154,65,64,71,129,89,91,86,119,84,1210,1210,1127,1096]} 1. Nf3 d5 2. d4 Nf6 3. c4 e6 4. g3 dxc4 5. Qa4+ Bd7 6. Qxc4 Bc6 7. Bg2 Nbd7 8. Nc3 Nb6 9. Qd3 Bb4 10. O-O O-O 11. Bg5 {E02: Open Catalan: 5 Qa4+} (11. Rd1 h6 12. Bd2 Bxc3 13. Qxc3 Be4 14. Rac1 c6 15. Qa5 Nfd5 16. Be1 f5 17. Qa3 Nd7 18. Bh3 Bxf3 19. Qxf3 {1-0 (49) Konopka,M (2448)-Jakubowski,K (2502) Czechia 2009}) 11... h6 12. Bxf6 Qxf6 13. e4 {White is slightly better.} Rfd8 14. Rad1 Bxc3 $146 ({Predecessor:} 14... Be8 15. a3 Bf8 16. Rfe1 c5 17. Qe2 Na4 18. Nxa4 Bxa4 {0-1 (30) Landers Rodriguez,J (2241)-Rivas Romero,G (2333) ICCF email 2006}) 15. bxc3 Ba4 16. Rd2 c5 17. Re1 Rac8 18. Ne5 a6 19. Qb1 cxd4 20. cxd4 Nc4 21. Nxc4 Rxc4 22. Qxb7 {aiming for e5.} Rcxd4 (22... Rdxd4 $11 23. Qa8+ Kh7) 23. e5 $36 {[%mdl 2048] Hoping for Rxd4. White is on the roll.} Qg5 {[#]} 24. f4 $1 Qg4 25. Rxd4 Rxd4 {[#]} 26. Qa8+ ({Don't do} 26. Qxa6 $6 g5 $14) (26. Bf3 $1 $16 Qg6 27. Qa8+ (27. Qxa6 Bc2 $16) 27... Kh7 28. Be4 (28. Qxa6 Qc2 $14) 28... Rxe4 29. Qxe4 Qxe4 30. Rxe4) 26... Kh7 $14 27. Qxa6 Rd1 ({Better is} 27... Bc2) 28. Qf1 {Black must now prevent h3.} Bb5 29. Qf2 Rxe1+ 30. Qxe1 Qe2 $2 {[%mdl 8192]} (30... Kg8 $16) 31. Qxe2 $18 Bxe2 32. a4 {Precision: White = 73%, Black = 44%.} 1-0

[Event "XLIII Sevilla Open 2018"]
[Site "Sevilla"]
[Date "2018.01.12"]
[Round "1"]
[White "Swapnil, S  Dhopade"]
[Black "Cherry, John Bradford"]
[Result "1-0"]
[WhiteElo "2533"]
[BlackElo "1802"]
[Annotator "TA"]
[PlyCount "43"]
[EventDate "2018.??.??"]
[EventType "swiss"]
[EventCountry "ESP"]
[SourceTitle "playchess.com"]
[Source "ChessBase"]
[SourceQuality "1"]

{[%evp 22,43,40,30,118,111,114,112,132,125,124,120,135,130,288,275,320,316,342,332,512,462,854,851]} 1. d4 d5 2. c4 e6 3. Nf3 Nf6 4. g3 c6 5. Bg2 Bb4+ 6. Bd2 Bxd2+ 7. Nbxd2 O-O 8. O-O Nbd7 9. Qc2 Re8 10. e4 {E11: Damenindisch (Bogoljubow-Variante)} dxe4 11. Nxe4 Nxe4 12. Qxe4 {LiveBook: 3 Partien. Weiß steht etwas besser.} f5 (12... e5 $11) (12... Nf6 13. Qc2 Qc7 14. Ne5 Bd7 15. Rad1 Rad8 16. Rfe1 Bc8 17. c5 Nd5 {1-0 (32) Banusz,T (2550)-Forgacs,A (2237) Hungary 2011}) 13. Qe3 $146 ({Vorgänger:} 13. Qe2 Qf6 14. Rfe1 Nf8 15. Rad1 Bd7 16. Ne5 Rad8 17. b4 a6 {1-0 (39) De Souza,C (1943)-Pinheiro,J (1777) Fortaleza 2016}) 13... Nf6 14. Ne5 {[%cal Bf3e5,Be5d3,Bd3b4][%mdl 32]} Rb8 15. Rfe1 Qc7 16. Rac1 Nd7 17. Nd3 b6 $2 {[#]} (17... Nf6 $16 18. Bf3 Bd7) 18. d5 $18 {[%cal Bd4d5,Bd5c6,Bc6c7][%mdl 32]} Nf6 {[%cal Re6d5]} 19. dxc6 Ng4 20. Qe2 Ba6 (20... e5 {kämpft weiter.} 21. h3 Nf6 22. Nxe5 Be6) 21. Nb4 Qc8 {[#]} (21... Bc8 $142 22. Nd5 Qd6) 22. c7 $1 {[%mdl 512]} 1-0

[Event "XLIII Sevilla Open 2018"]
[Site "Sevilla"]
[Date "2018.01.12"]
[Round "1"]
[White "Ulybin, Mikhail"]
[Black "De La Cruz Fernandez, Juan C"]
[Result "1-0"]
[WhiteElo "2519"]
[BlackElo "1801"]
[Annotator "TA"]
[PlyCount "87"]
[EventDate "2018.??.??"]
[EventType "swiss"]
[EventCountry "ESP"]
[SourceTitle "playchess.com"]
[Source "ChessBase"]
[SourceQuality "1"]

{[%evp 20,87,54,32,70,34,87,83,104,104,111,100,87,87,160,150,202,202,217,202,210,208,208,179,261,264,263,259,252,250,248,252,261,266,283,247,261,260,285,274,277,260,257,255,364,344,431,426,427,417,551,546,549,532,615,466,510,567,699,685,630,547,1345,1327,1298,1302,1197,1195,1077,1022]} 1. e4 c5 2. Nf3 e6 3. c3 Nc6 4. d4 cxd4 5. cxd4 d5 6. e5 Qb6 7. Nc3 Nge7 8. a3 Nf5 9. Na4 Qd8 10. b4 {C02: Französische Verteidigung (Vorstoßvariante)} (10. h4 h5 11. Bg5 Be7 12. Bxe7 Qxe7 13. Rc1 O-O 14. Bd3 Ncxd4 15. Nxd4 Nxd4 16. Qxh5 Nf5 17. Nc3 Qc7 {½-½ (38) Karpatchev,A (2484)-Kopylov,M (2454) Lueneburg 2013}) 10... Be7 11. Bb2 {LiveBook: 4 Partien} O-O 12. Bd3 {Weiß steht etwas besser.} Bd7 (12... b6 $14) 13. Nc5 $16 Bxc5 14. dxc5 Nh4 15. Nxh4 $146 ({Vorgänger:} 15. O-O a6 16. Qe2 Nxf3+ 17. Qxf3 Qh4 18. g3 Qe7 19. Rfe1 {0-1 (19) Varas,P (923)-Tutov,N (1505) LSS email 2011}) 15... Qxh4 16. O-O {[%cal Bh1f1,Bf1f3,Bf3h3][%mdl 32]} Rad8 ({Günstiger ist} 16... Rfc8) 17. f4 Bc8 (17... Ne7 $16 {war nötig.} 18. b5 Nf5) 18. Rf3 {[#] Schwarz muss nun Th3 beachten.} h6 19. Qd2 a6 20. Rh3 Qe7 21. Qe3 f5 (21... Rfe8 $142 22. g4 Bd7) 22. exf6 $1 $18 Rxf6 23. Bxf6 Qxf6 24. Re1 Rf8 25. Rf3 Nd4 26. Rf2 Bd7 27. Qe5 Nc6 28. Qxf6 Rxf6 29. g3 Nd4 30. Bf1 Kf7 31. Rd1 Nc6 (31... Nf5 $142 32. Bd3 Ke7) 32. f5 Ne7 33. fxe6+ Bxe6 34. a4 {[%cal Ba3a4,Ba4b5][%mdl 32]} Nf5 35. b5 {Weiß steht klar auf Gewinn.} axb5 36. axb5 Ne3 37. Rdd2 Bd7 38. Be2 Ke6 39. Rxf6+ gxf6 40. Kf2 Nc4 41. Bxc4 dxc4 42. Rd6+ Ke7 43. Rb6 Bc8 44. Ke3 {Precision: Weiß = 76%, Schwarz = 25%.} 1-0

[Event "XLIII Sevilla Open 2018"]
[Site "Sevilla"]
[Date "2018.01.12"]
[Round "1"]
[White "Gleizerov, Evgeny"]
[Black "Gutierrez Marconi, Christian Fer"]
[Result "1-0"]
[WhiteElo "2509"]
[BlackElo "1796"]
[Annotator "TA"]
[PlyCount "63"]
[EventDate "2018.??.??"]
[EventType "swiss"]
[EventCountry "ESP"]
[SourceTitle "playchess.com"]
[Source "ChessBase"]
[SourceQuality "1"]

{[%evp 14,63,22,24,39,28,27,33,33,21,25,16,16,20,34,0,0,0,8,12,28,31,31,24,26,33,36,22,21,25,25,24,31,28,34,23,47,31,254,256,413,405,626,361,614,561,550,420,462,330,563,533]} 1. d4 Nf6 2. c4 e6 3. g3 d5 4. Nf3 Bb4+ 5. Bd2 Bxd2+ 6. Nbxd2 O-O 7. Bg2 Nbd7 8. O-O {LiveBook: 29 Games} Re8 {E11: Bogo-Indian} (8... c6 9. Qc2 b6 10. e4 Nxe4 11. Nxe4 dxe4 12. Qxe4 Bb7 13. Rac1 Qe7 14. c5 Rfe8 15. Qe3 e5 16. Rfe1 Qe6 17. Nxe5 Qxa2 {1-0 (51) Cheparinov,I (2681)-Demchenko,A (2615) Jerusalem 2015}) 9. Qc2 b6 $146 ({Predecessor:} 9... c6 10. e4 dxe4 11. Nxe4 Nxe4 12. Qxe4 c5 13. Rfd1 Nf6 14. Qe5 cxd4 15. Rxd4 Qe7 16. Re1 Qb4 17. Rf4 Bd7 18. c5 Qa5 19. c6 {1-0 (19) Golubovic,B (2405)-Znidarcic,A (2195) Kranj 2008}) 10. e4 dxe4 {White is slightly better.} 11. Ng5 Bb7 12. Ngxe4 Nxe4 13. Nxe4 Rb8 14. Qa4 f5 15. Nc3 Bxg2 16. Kxg2 Qc8 17. Rfe1 Qb7+ 18. Kg1 Nf6 19. Rad1 {[%cal Ba1d1,Bd1d3,Bd3d5][%mdl 32]} Rbd8 20. Qc2 Qc6 21. b3 a6 22. a4 Qf3 23. Rd3 Qh5 24. f3 Qg6 25. Ne2 e5 $2 {[#]} (25... Qf7 $14) 26. dxe5 $1 $18 Nd7 $2 (26... Rxd3 27. Nf4 (27. Qxd3 Rxe5 28. Rd1 Qe8 $11) 27... Qf7 28. Qxd3 (28. Nxd3 Nd7 $18) 28... Qd7) 27. Nf4 Qc6 (27... Qg5 $142 28. e6 a5 29. Rxd7 Rxd7 30. exd7 Rxe1+ 31. Kf2 Qd8 32. Kxe1 Qxd7) 28. Rd5 b5 $2 (28... Nf8 29. Qd3 Rxd5 30. cxd5 (30. Nxd5 Qd7 $18) 30... Qc5+ 31. Kf1 g6 32. Qxa6 Nd7) 29. axb5 axb5 30. Qxf5 bxc4 31. bxc4 Qb6+ $2 {[#]} (31... Re7 {was necessary.} 32. e6 Rf8) 32. Kg2 {Precision: White = 74%, Black = 35%.} 1-0

[Event "XLIII Sevilla Open 2018"]
[Site "Sevilla"]
[Date "2018.01.12"]
[Round "1"]
[White "Matamoros Franco, Carlos S"]
[Black "Gonzalez Mendoza, Diego"]
[Result "1-0"]
[WhiteElo "2484"]
[BlackElo "1791"]
[Annotator "TA"]
[PlyCount "51"]
[EventDate "2018.??.??"]
[EventType "swiss"]
[EventCountry "ESP"]
[SourceTitle "playchess.com"]
[Source "ChessBase"]
[SourceQuality "1"]

{[%evp 9,51,13,54,51,84,72,74,74,85,69,105,111,155,152,142,162,153,140,246,242,279,258,279,227,239,237,235,234,247,228,333,313,356,352,457,442,483,455,1105,1101,1093,1076,1024,656]} 1. c4 Nf6 2. g3 e5 3. Bg2 d5 4. cxd5 Nxd5 5. Nf3 (5. Nc3 Nb6 6. d3 Be7 7. Be3 O-O 8. Rc1 Re8 9. Qc2 Bf8 10. a3 c6 11. Nf3 N8d7 12. O-O Nf6 13. b4 Bf5 14. Rfd1 h6 15. Ne4 Rc8 16. Bc5 Bxe4 17. dxe4 {½-½ (39) Ding,L (2777)-Harikrishna,P (2744) Huaian 2017}) 5... Bd6 6. Nc3 {A20: English Opening: 1...e5} Be6 7. O-O O-O 8. d4 $146 {White is better.} ({Predecessor:} 8. d3 Nd7 9. Ng5 Nxc3 10. bxc3 c6 11. Be4 h6 12. Nxe6 fxe6 13. f4 exf4 14. Bxf4 Bxf4 15. gxf4 Rxf4 16. Rxf4 {1-0 (31) Febles Dominguez,A (1351)-Foldes,M (1101) Tenerife 2016}) 8... Nxc3 9. bxc3 exd4 10. Ng5 {Hoping for Qd3.} c6 11. Qd3 $40 {[%csl Gg5][%cal Rd3h7][%mdl 128] [#] White wants a kill.} ({Much less strong is} 11. cxd4 $6 Bf5 $16) 11... g6 12. Nxe6 fxe6 13. cxd4 Nd7 (13... Na6 $16 {is a better defense.} 14. Rb1 Rb8) 14. Qb3 $18 Qc7 15. Qxe6+ Kh8 16. Bb2 Rae8 {[#]} 17. Qc4 $1 Nb6 18. Qc2 Kg8 19. e4 Qe7 (19... Qf7 $142 20. Bc3 Qc4) 20. a4 {[%cal Ba2a4,Ba4a5,Ba5a6][%mdl 32]} Qe6 21. Rfc1 Rf7 22. a5 {White is clearly winning.} Na8 23. a6 Rc8 (23... Bf8 $142 24. Qc3 Bg7) 24. d5 Qe7 25. Qc3 {[%csl Gb2][%cal Rc3h8]} Rg7 26. Qxg7+ {Precision: White = 85%, Black = 24%.} 1-0

[Event "XLIII Sevilla Open 2018"]
[Site "Sevilla"]
[Date "2018.01.12"]
[Round "1"]
[White "Anurag, Mhamal"]
[Black "Tirado Parra, Alberto"]
[Result "1-0"]
[WhiteElo "2472"]
[BlackElo "1789"]
[Annotator "TA"]
[PlyCount "37"]
[EventDate "2018.??.??"]
[EventType "swiss"]
[EventCountry "ESP"]
[SourceTitle "playchess.com"]
[Source "ChessBase"]
[SourceQuality "1"]

{[%evp 9,37,-96,-65,-87,-79,-68,-66,-105,-11,-4,125,147,316,325,304,312,323,272,378,371,378,384,363,372,406,401,450,442,750,749]} 1. d4 f5 2. Qd3 d5 {[%cal Bd7d5,Bd5c4][%mdl 32]} 3. c4 (3. g4 g6 4. g5 e6 5. h4 Bg7 6. h5 Nc6 7. Nf3 Qd6 8. a3 Nge7 9. h6 Bf8 10. Rh4 b6 11. Bf4 {1-0 (32) Bellahcene,B (2461)-Kamsky,G (2673) Karlsruhe 2016}) 3... e6 4. g4 fxg4 5. Nc3 Nf6 $146 ({Predecessor:} 5... Nc6 6. cxd5 exd5 7. Bf4 Bd6 8. Bxd6 Qxd6 9. O-O-O Be6 10. e3 Nf6 11. Nge2 O-O-O 12. Nf4 {1-0 (31) Ezat,M (2297)-Speck,H (2085) Winterthur 2001}) 6. h3 {A80: Dutch Defence: Unusual White second moves} Nc6 {Strongly threatening ...dxc4.} 7. hxg4 dxc4 ({Worse is} 7... Nxg4 8. Rxh7 Rxh7 9. Qxh7 $16) 8. Qb1 $1 {Black is slightly better.} Nxg4 (8... Nxd4 $17 {Threatens to win with ...e5.} 9. e3 Nc6) 9. Rxh7 $11 Rxh7 (9... Qf6 $11 {keeps the balance.} 10. Nf3 Rxh7 11. Qxh7 e5) 10. Qxh7 $16 Qf6 $2 {[#]} (10... Nxd4 $16 11. Qg6+ Kd7) 11. Qh5+ $18 Qf7 12. Qxg4 e5 13. Qg3 Bd6 14. dxe5 Nxe5 {[#] ...Nd3+ is the strong threat.} 15. f4 Nc6 16. Bd2 Bf5 17. e4 {[%cal Be2e4,Be4f5][%mdl 32]} Nb4 {and the idea ...Nc2+ leaves Black hopeful.} 18. O-O-O O-O-O (18... Bd7 $142 19. Nh3 O-O-O) 19. exf5 {Precision: White = 96%, Black = 16%.} 1-0

[Event "XLIII Sevilla Open 2018"]
[Site "Sevilla"]
[Date "2018.01.12"]
[Round "1"]
[White "Fernandez Garcia, Jose Miguel"]
[Black "Pap, Misa"]
[Result "0-1"]
[WhiteElo "2412"]
[BlackElo "2491"]
[Annotator "TA"]
[PlyCount "66"]
[EventDate "2018.??.??"]
[EventType "swiss"]
[EventCountry "ESP"]
[SourceTitle "playchess.com"]
[Source "ChessBase"]
[SourceQuality "1"]

{[%evp 14,66,22,24,58,69,66,63,79,81,94,93,97,70,68,66,63,65,84,68,58,50,72,50,53,56,68,66,82,20,235,-131,-95,-188,-211,-204,-193,-262,-262,-262,-257,-290,-285,-280,-297,-302,-269,-344,-338,-375,-379,-364,-372,-372,-359]} 1. d4 Nf6 2. Nf3 e6 3. c4 Bb4+ 4. Bd2 Qe7 5. a3 Bxd2+ 6. Nbxd2 d5 7. g3 {E11: Bogo-Indian} O-O 8. Bg2 {LiveBook: 6 Games} dxc4 (8... b6 9. cxd5 exd5 10. O-O Bb7 11. Re1 c5 12. dxc5 bxc5 13. Qc2 Nbd7 14. b4 Rfc8 15. bxc5 Nxc5 {1-0 (77) Shen,Y (2465)-Tokhirjonova,G (2329) Riadh 2017}) 9. Nxc4 {White is slightly better.} Rd8 $146 ({Predecessor:} 9... Nc6 10. Nfe5 Nxe5 11. Nxe5 a5 12. O-O Rd8 13. Rc1 c6 14. e3 Nd7 {½-½ (56) Muksimova,O (1711)-Karenza,D Satka 2011}) 10. Qc2 a5 11. O-O Ra7 12. Rac1 Bd7 13. Nfe5 Bb5 14. Rfd1 a4 15. e4 Na6 16. b4 axb3 17. Qxb3 Qe8 {next ...Ba4 is good for Black.} 18. Qc3 Ba4 19. Rd2 Qe7 20. Ne3 b6 21. Qc4 (21. f4 $16) 21... Nc5 $2 {[#]} (21... Be8 $11 {and Black stays safe.}) 22. Re2 $2 ({White has to play} 22. Qb4 $18) 22... Ncxe4 23. Nc6 (23. Ree1 $17 {was necessary.}) 23... Bxc6 $1 $19 24. Qxc6 Rxd4 ({Don't take} 24... Qxa3 25. Ree1) 25. Nc2 (25. Qc2 {might work better.}) 25... Rd6 26. Qc4 Nc5 27. Ra1 Qd7 28. Ne3 h6 29. h3 Qa4 30. Qa2 Rd3 31. Kh2 Rxa3 {Black is winning.} 32. Qxa3 Qxa3 33. Rxa3 Rxa3 {Precision: White = 35%, Black = 57%.} 0-1

[Event "XLIII Sevilla Open 2018"]
[Site "Sevilla"]
[Date "2018.01.12"]
[Round "1"]
[White "Cruz Rodriguez, Israel"]
[Black "Vasquez Schroeder, Rodrigo"]
[Result "0-1"]
[WhiteElo "1814"]
[BlackElo "2554"]
[Annotator "TA"]
[PlyCount "88"]
[EventDate "2018.??.??"]
[EventType "swiss"]
[EventCountry "ESP"]
[SourceTitle "playchess.com"]
[Source "ChessBase"]
[SourceQuality "1"]

{[%evp 19,88,4,20,0,0,0,0,0,19,18,28,15,27,22,17,0,0,0,0,-16,0,-102,-102,-100,-103,-101,-106,-279,-282,-274,-275,-282,-281,-282,-277,-272,-241,-275,-242,-210,-227,-274,-278,-293,-265,-337,-327,-528,-553,-545,-550,-699,-479,-497,-488,-477,-467,-465,-369,-635,-641,-930,-930,-1080,-1076,-29987,-2349,-29989,-29990,-29991,-29991]} 1. Nf3 c5 2. c4 Nf6 3. g3 b6 4. Bg2 Bb7 5. O-O e6 6. d4 cxd4 7. Nxd4 Bxg2 8. Kxg2 Qc8 9. b3 Qb7+ {A30: Englische Eröffnung (Symmetrische Variante)} (9... Be7 10. Ba3 Bxa3 11. Nxa3 a6 12. Rc1 O-O 13. Nb1 Nc6 14. Nc3 Ne5 15. Nf3 Qb7 16. Qd6 Nxf3 17. exf3 Rfc8 {½-½ (88) Zhou,J (2636)-Yu,Y (2672) Hefei 2011}) 10. Kg1 a6 {LiveBook: 5 Partien} (10... Bc5 {keeps more tension.} 11. Bb2 O-O 12. Nc3 Rd8 13. Nc2 Na6) 11. Ba3 Bxa3 $146 {Die Stellung ist ausgeglichen.} ({Vorgänger:} 11... d6 12. Nc3 Nbd7 13. Rc1 Be7 14. e3 Rc8 15. Qf3 Qxf3 16. Nxf3 O-O 17. Rfd1 {1-0 (48) Iotov,H-Spiridonov,N (2313) Albena 2010}) 12. Nxa3 O-O 13. Qd3 Ra7 {[%cal Ba8a7,Ba7c7,Bc7c5,Bc5h5][%mdl 32]} 14. Rfd1 d6 15. Nac2 Rd8 16. Qf3 Qc8 17. Ne3 Rc7 18. Ng4 Nbd7 19. e4 Qb7 20. a4 (20. Nxf6+ $11 Nxf6 21. Re1) 20... Nxg4 $17 21. Qxg4 Nf6 $1 {[%csl LRe4,LRg4]} 22. Qh4 Rc5 23. f3 $2 {[#]} (23. Nf3 $17) 23... Rh5 $1 $19 {[%cal Rh5h4]} 24. Qf4 e5 25. Qe3 {Und Sf5 würde nun gewinnen.} exd4 26. Rxd4 Qc7 27. Rad1 Qc5 28. Qd3 h6 29. Kg2 Ne8 {[%cal Bf6e8,Be8c7,Bc7e6,Be6c5,Bc5e4][%mdl 32]} 30. g4 Re5 31. f4 Re7 32. Kf3 Qc6 33. g5 $2 (33. Kf2) 33... hxg5 34. fxg5 Nc7 35. h4 Red7 36. Kg3 Ne6 37. Rd5 Nc5 38. Qf3 Re8 39. R1d4 $2 (39. e5) 39... Rde7 40. b4 Nxe4+ 41. Kf4 Qxa4 {...Dc2 ist eine echte Drohung.} 42. b5 axb5 (42... Qc2 $142 43. Kg4 Nf2+ 44. Kg3 Re3 45. Rf4 Qe2 46. Kg2 Rxf3 47. Rd2 {[#]} Rg3+ $1 {[%mdl 512]} 48. Kxg3 Nh1+ 49. Kh3 Re3+ 50. Rf3 Qxf3+ 51. Kh2 Qh3+ 52. Kg1 Re1#) 43. cxb5 Qc2 44. Rf5 Qc1+ {Precision: Weiß = 28%, Schwarz = 67%.} 0-1

[Event "XLIII Sevilla Open 2018"]
[Site "Sevilla"]
[Date "2018.01.12"]
[Round "1"]
[White "Gomez Gonzalez, Agustin"]
[Black "Santos Latasa, Jaime"]
[Result "0-1"]
[WhiteElo "1809"]
[BlackElo "2546"]
[Annotator "TA"]
[PlyCount "58"]
[EventDate "2018.??.??"]
[EventType "swiss"]
[EventCountry "ESP"]
[SourceTitle "playchess.com"]
[Source "ChessBase"]
[SourceQuality "1"]

{[%evp 11,58,21,25,0,0,0,0,0,0,0,32,15,31,0,3,0,24,-28,11,14,23,-26,-36,-39,-37,-59,-45,-58,-52,-57,-60,-62,-47,-56,-47,-58,-59,-67,-66,-176,-139,-225,-143,-231,-221,-437,-461,-629,-613]} 1. e4 c5 2. Nf3 e6 3. d4 cxd4 4. Nxd4 a6 5. Bd3 Bc5 6. c3 Nc6 {LiveBook: 24 Games} 7. Nc2 {B42: Sicilian: Kan Variation: 5 Bd3} Nf6 8. O-O O-O $146 ({Predecessor:} 8... Ne5 9. Be3 Qc7 10. Bxc5 Qxc5 11. Ne3 h5 12. Re1 g5 13. Bc2 b6 14. Qd4 d6 {½-½ (80) Sanchez,J (2531)-Istratescu,A (2636) Belfort 2012}) 9. Be3 {The position is equal.} Be7 10. f4 d6 11. Nd2 b6 12. Nf3 Bb7 13. Qe2 Qc7 14. h3 ({White must play} 14. Nd2 $1) 14... Nd7 15. Ncd4 Nc5 16. Nxc6 Bxc6 17. Bxc5 bxc5 18. Rfe1 Rfe8 19. Kh1 Qb7 20. Rab1 a5 21. Kh2 g6 22. Qf2 Bf8 23. Qg3 Bg7 24. Kg1 a4 25. Nh4 (25. a3 $15) 25... a3 $36 {[%mdl 2048] White is under strong pressure.} 26. bxa3 (26. b3 $17) 26... Qa7 {White must now prevent ...c4+.} 27. Bc4 (27. Bb5 $17 Bxb5 28. Rxb5) 27... Qxa3 28. Bb3 $2 {[#]} (28. e5) 28... c4 $1 $19 {[%mdl 512]} 29. Bxc4 Qc5+ {Precision: White = 31%, Black = 48%.} 0-1

[Event "XLIII Sevilla Open 2018"]
[Site "Sevilla"]
[Date "2018.01.12"]
[Round "1"]
[White "Robaina Bordon, Hector"]
[Black "Dvirnyy, Danyyil"]
[Result "0-1"]
[WhiteElo "1804"]
[BlackElo "2534"]
[Annotator "TA"]
[PlyCount "60"]
[EventDate "2018.??.??"]
[EventType "swiss"]
[EventCountry "ESP"]
[SourceTitle "playchess.com"]
[Source "ChessBase"]
[SourceQuality "1"]

{[%evp 18,60,0,0,0,0,0,-20,-1,-15,-22,-21,-7,-4,-3,-13,0,-3,8,-12,-9,-19,-7,-7,-2,-7,0,0,0,-160,-150,-159,-154,-228,-162,-285,-214,-347,-347,-347,-352,-394,-415,-526,-518]} 1. d4 d5 2. Nf3 Nf6 3. Bf4 g6 4. e3 Bg7 5. Bd3 O-O 6. h3 c5 7. c3 Qb6 8. Qc1 Nc6 9. O-O Nd7 10. Nbd2 e5 {D02: 1 d4 d5 2 Nf3 sidelines, including 2...Nf6 3 g3 and 2...Nf6 3 Bf4} 11. dxe5 Ndxe5 12. Nxe5 Nxe5 {The position is equal.} 13. Bxe5 (13. Be2 Bf5 14. Nf3 Nc4 15. b3 Nd6 16. Be5 Bxe5 17. Nxe5 Rfe8 18. Nf3 {0-1 (49) Jones,I (2294)-Adhiban,B (2516) Khanty-Mansiysk 2010}) 13... Bxe5 14. e4 Bf4 $146 ({Predecessor:} 14... dxe4 15. Bxe4 Bf4 16. Qc2 Be6 17. Rfe1 Rad8 18. Nf3 {½-½ (32) Cosic,M (2270)-Novak,I (2300) Stary Smokovec 1980}) 15. exd5 Qd8 {Strongly threatening ...Qg5.} 16. Qc2 Qxd5 17. Ne4 {[#] aiming for Nf6+.} f5 {White must now prevent ...c4.} 18. Qe2 {And now Bc4 would win.} Kg7 {[%cal Bg8g7,Bg7f6,Bf6e6][%mdl 32]} 19. Ng3 Be6 20. Rfd1 {Threatens to win with Bxf5.} Qe5 21. Re1 $132 {[%mdl 2048] White is not keeping still} Kf6 22. Qf3 Qc7 23. Rxe6+ $2 {[#]} (23. Be4 $11) 23... Kxe6 $17 24. Bc4+ Kf6 25. Re1 (25. Nf1 $17 {is a better defense.}) 25... Rfe8 26. Rd1 (26. Rxe8 {was necessary.} Rxe8 27. Ne2) 26... Rad8 27. Bd5 (27. Nf1 {might work better.}) 27... Bxg3 $19 28. fxg3 Qe5 29. Kh2 Qe2 30. g4 Qxf3 {Precision: White = 22%, Black = 59%.} 0-1